| 000 | 01107nam a22002897a 4500 | ||
|---|---|---|---|
| 005 | 20160328163246.0 | ||
| 008 | 150814b xxu||||| |||| 00| 0 eng d | ||
| 010 | _a1516EN07 ENG-114781 | ||
| 020 |
_a9781408130803 _c350.00 |
||
| 035 | _aEN-98313 | ||
| 035 | _aB-598761-777 | ||
| 037 |
_bAsian/ven _aDPL |
||
| 037 | _bDBAD/PUB | ||
| 040 |
_adpl _bEnglish |
||
| 082 | _a808.31 | ||
| 100 | _aNewland, Courttia | ||
| 245 |
_aWriting short stories : _cby Courttia Newland [and] Tania Hershman _ba writers and artists companion / |
||
| 260 |
_aLondon _bBloomsbury Publishing _c2015 |
||
| 270 |
_a50 Bedford Square _bLondon _eWC1B 3DP |
||
| 300 |
_axi,286p. _c20cm(pbk) |
||
| 490 | _aedited by Carole Angier [and] Sally Cline | ||
| 500 | _a Includes bibliographical references (pages 258-274) and index. | ||
| 650 |
_aShort story _xAuthorship. |
||
| 700 | _aHershaman,Tania | ||
| 942 |
_2ddc _cEN _mNEW _h808.31 |
||
| 999 |
_c96018 _d96018 |
||